000 01320nam a2200397 c 4500
001 23909
003 ES-MaCES
005 20141221122857.0
008 110715s2011 sp 000 | spa d
017 _aM-5637-2011
_bDL
020 _a9788496004351
035 _aCES20110005904m
040 _aES-MaCES
_bspa
_cES-MaCES
245 0 3 _aEl doble sí
_b: experiencias e innovaciones
_cMaría Benvenuti ... [et al.] ; traducción de Laura Mora Cabello de Alba, Dolores Santos Fernández
260 _aMadrid
_bHoras y horas
_c[2011]
300 _a132 p.
_c21 cm
490 1 _aCuadernos inacabados
_v61
541 _cGratuito
650 4 _atrabajo
_928289
650 4 _atrabajadora
_928413
650 4 _aconciliación
_927303
650 4 _amaternidad
_929512
650 4 _amujeres
_928657
650 4 _aresponsabilidades familiares
_930598
650 4 _adivisión del trabajo por sexo
_930439
650 4 _aestudio de casos
_928846
650 4 _ainvestigación sociológica
_927260
653 1 0 _aMujer
700 1 _aBenvenuti, Maria
_97557
700 1 _aMora Cabello de Alba, Laura
_etr.
_918978
700 1 _aSantos Fernández, María Dolores
_etr.
_923488
830 0 _aCuadernos inacabados
_v61
_932790
902 _aLIB Libro
942 _2CES
_cBK
_h3.3.
999 _c23909
_d23909